000 00645nam a2200181Ia 4500
008 151018s9999 xx 000 0 und d
082 _bRBASDV56765
_a641.5
100 _aनिर्मला देशपांडे
245 _aपंजाबी स्पेशल
250 _b1
260 _bजगतराम एंड कंपनी दिल्ली
_c2010
300 _a47
600 _aनिर्मला देशपांडे
630 _aपंजाबी स्पेशल
700 _aनिर्मला देशपांडे
730 _aपंजाबी स्पेशल
942 _cBOOK
999 _c1052226
_d1052223